000 00350nam a2200133Ia 4500
999 _c8739
_d8739
008 2001031987||||xx |||||||||||||| ||und||
020 _a0408013133,
082 _a623.85
_bTAY
100 _aTaylor, D. A.
245 0 _aMarine Engineering Series: Marine Control Practice
260 _bButterworths, London
_c1987
_aLondon
300 _a424p.
942 _cBK